MARC

LEADER 00000nam0a2200000 4500
001 334305
005 20231102004636.0
035 |a (RuTPU)RU\TPU\book\360353 
035 |a RU\TPU\book\360352 
090 |a 334305 
100 |a 20170719d1964 km y0frey50 ba 
101 0 |a fre 
102 |a FR 
105 |a a z 001zy 
200 1 |a Mècanique Quantique  |e  Tome 2  |f A. Messiah 
205 |a Nouveau Tirage 
210 |a Paris  |c Dunod  |d 1964 
215 |a 974 p.  |c il. 
320 |a Index: p. 965-974 
606 1 |a Квантовая механика  |2 stltpush  |3 (RuTPU)RU\TPU\subj\14211  |9 40667 
610 1 |a квантовая теория 
610 1 |a кванты 
610 1 |a частицы 
610 1 |a момент импульса 
610 1 |a симметрии 
610 1 |a инвариантность 
610 1 |a функции 
610 1 |a вращение 
610 1 |a спины 
610 1 |a законы сохранения 
610 1 |a время 
610 1 |a возмущения 
610 1 |a уравнения Шредингера 
610 1 |a вариационные методы 
610 1 |a теория 
610 1 |a рассеяние 
610 1 |a приближения 
610 1 |a релятивистская квантовая механика 
610 1 |a уравнения Дуффинга 
610 1 |a уравнение Дирака 
610 1 |a квантовые поля 
610 1 |a излучения 
610 1 |a задачи 
610 1 |a упражнения 
610 1 |a французский язык 
675 |a 530.145.6  |v 4 
700 1 |a Messiah  |b A.  |g Albert 
801 1 |a RU  |b 63413507  |c 20170719 
801 2 |a RU  |b 63413507  |c 20210122  |g RCR 
942 |c BK